书目信息 |
| 题名: |
全真题解——操作系统与编译原理分册
|
|
| 作者: | ||
| 分册: | ||
| 出版信息: | 北京 人民邮电出版社 2001.70 |
|
| 页数: | 416 | |
| 开本: | 25 | |
| 丛书名: | ||
| 单 册: | ||
| 中图分类: | TP344 | |
| 科图分类: | ||
| 主题词: | 电子模拟计算机 | |
| 电子资源: | ||
| ISBN: | 7-115-09492-6 | |
| 000 | 00539nam0 2200169 450 | |
| 001 | 202410181972660653 | |
| 005 | 20241018185947.75 | |
| 010 | @a7-115-09492-6@d42 | |
| 100 | @a20241018d km y0chiy0120 ea | |
| 101 | 0 | @achi |
| 200 | 1 | @a全真题解——操作系统与编译原理分册@AQuan Zhen Ti Jie——Cao Zuo Xi Tong Yu Bian Yi Yuan Li Fen Ce |
| 210 | @a北京@c人民邮电出版社@d2001.70 | |
| 215 | @a416@d25 | |
| 606 | 0 | @a电子模拟计算机 |
| 690 | @aTP344@v4 | |
| 801 | 0 | @aCN@b大连网信软件有限公司图书馆·11@c20241018 |
| 905 | @aZUCC@b7203580@dTP344@e29@f1 | |
| 全真题解——操作系统与编译原理分册.-北京:人民邮电出版社,2001.70 |
| 416;25 |
| ISBN 7-115-09492-6:42 |
| ● |
| 相关链接 |
|
|
|
|
正题名:全真题解——操作系统与编译原理分册
索取号:TP344/29
 
预约/预借
| 序号 | 登录号 | 条形码 | 馆藏地/架位号 | 状态 | 备注 |
| 1 | 7203580 | 272035807 | 密集书库-物理学院/ [索取号:TP344/29] | 在馆 |